000 00360nam a2200145 i 4500
001 bg
100 1 _aWACHELKO, Tadeusz.
245 0 _aTechnologia modelu i formy.
_nCz.1 /
_cT. Wachelko, B. Mika.
260 _aCzęstochowa,
_c1979.
700 1 _aMIKA, Barbara.
040 _cBPK
041 _apol
942 _cKS
008 s pl f |000 0 pol
999 _c18894
_d18894
856 _uhttp://koha.tu.koszalin.pl/cgi-bin/koha/opac-detail.pl?biblionumber=18894
_yKatalog online BPK